000 01022nam a2200301 i 4500
001 bg
100 1 _aDumas, Alexandre
_cojciec
_d(1802-1870).
245 1 0 _aTrzej muszkieterowie /
_cAleksander Dumas ; przekł. Klemens Łukaszewicz.
246 1 _iTyt. oryg.:
_aTrois mousquetaires
260 _a[s.l.] :
_bMediasat Group,
_c2005.
300 _a638, [1] s. ;
_c21 cm.
490 1 _aBiblioteka Gazety Wyborczej : XIX wiek ;
_v27
500 _aTyt. oryg.: "Les trois mousquetaires".
500 _aWyd. we współpr. merytorycznej z Zakładem Narodowym im. Ossolińskich - Wydawnictwo, Wrocław.
650 9 _aPowieść francuska
_y19 w.
700 1 _aŁukaszewicz, Klemens.
_eTł.
830 0 _aBiblioteka Gazety Wyborczej ;
_v27
020 _a8498191645 (całość)
020 _a849819198X
040 _cBPK
041 1 _apol
_hfre
044 _aPOL
080 _a821.133.1-3
920 _a84-9819-164-5 (całość)
920 _a84-9819-198-X
942 _cKS
008 s pl f |000 0 pol
999 _c55714
_d55714
856 _uhttp://koha.tu.koszalin.pl/cgi-bin/koha/opac-detail.pl?biblionumber=55714
_yKatalog online BPK